Постановление ГКО СССР № 698 сс о переселении немцев из Краснодарского, Орджоникидзевского краев, Тульской области, Кабардино-Ба...

RUSMARC
00003846cbm0a2200253#x 450
001ce79d998-b73d-4716-9f81-66ed793ccb1b
00520240814113316.0
100##$a20220530j19410921k###0rusy50 ca
1010#$arus
102##$aRU
105##$ay###z########
1220#$ad19410921##
2001#$aПостановление ГКО СССР № 698 сс о переселении немцев из Краснодарского, Орджоникидзевского краев, Тульской области, Кабардино-Балкарской и Северо-Осетинской АССР, с приложением записки Берии Л. П. Сталину И. В.
$j21 сентября 1941 г.
251##$cДокумент
300##$aРассылочный и подлинный экземпляры
461#0$12001
$aФ. 644
$1251
$cФонд
$1852
$j644
462#0$12001
$aОп. 1
$1251
$cОпись
$1852
$j1
605##$2prlib_sh
$3LIBNET\UAF\0000088514
$aВторая мировая война в архивных документах (Комплекс оцифрованных архивных документов, кино- и фотоматериалов)
$lколлекция
605##$aКраснодарский край: страницы истории
$lколлекция
$2acquisition_Prlib
$3DITM\AF\0000004872
686##$a63.3(2)622-3ю11
$vLBC/M
$2rubbk
801#0$aRU
$bПБ им. Б.Н. Ельцина
$c20220530
801#1$aRU
$bПБ им. Б.Н. Ельцина
$c20220530
$2rusmarc
801#2$aRU
$bПБ им. Б.Н. Ельцина
$c20220531
$2rusmarc
850##$aРоссийский государственный архив социально-политической истории
852##$aРГАСПИ
$jД. 10. Л. 42-43; Оп. 2. Д. 18. Л. 170-174
035##$aLIBNET\0001244854
937##$d176175910
$hФедеральное архивное агентство
8564#$uhttp://readingroom.main.prlib.ru/item.aspx?id_node=n176175910&mode=full
Формат отображения